| 000 | 00999nam a22002657a 4500 | ||
|---|---|---|---|
| 005 | 2009080405165.0 | ||
| 008 | 090728t xxu||||| |||| 00| 0 pun d | ||
| 010 | _aPUN-7266 | ||
| 020 |
_c175.00 _a81813841x |
||
| 035 | _aPN-6384 | ||
| 037 | _bDBAD / PUB | ||
| 040 |
_adpl _bPN |
||
| 082 | _a852 | ||
| 100 |
_aਗੁਰਦੀਪ ਸਿੰਘ _937323 |
||
| 245 |
_aਕਡ਼ਕ ਕਡ਼ਕ ਦਾਮਨੀ / _cਗੁਰਦੀਪ ਸਿੰਘ |
||
| 246 |
_aKark kark damini _bby Gurdeep Singh |
||
| 260 |
_aਦਿੱਲੀ _bਏਮ.ਪੀ.ਪ੍ਰਕਾਸ਼ਨ _c2011 |
||
| 270 |
_aShop no-7,12/190,Geeta Colony _b Delhi _k9015346246 _e110031 _mmanpreet1948@gmail,com |
||
| 300 |
_a96ਸਫੇ _b22 ਸੇਂਮੀ (ਸਜਿਲਦ) |
||
| 650 | _937324 | ||
| 650 | _937325 | ||
| 700 | _937326 | ||
| 942 |
_2ddc _cPN _h851 _mਗੁਰਦੀ |
||
| 999 |
_c59806 _d59806 |
||